Risk factors associated with contracting dysentery during shigella dysenteriae type 1 outbreak in Harare, 1993 (Record no. 32627)
[ view plain ]
| 000 -LEADER | |
|---|---|
| fixed length control field | 00819nam a2200181 a 4500 |
| 008 - FIXED-LENGTH DATA ELEMENTS--GENERAL INFORMATION | |
| fixed length control field | 121019s1997 ||||||||||||||||| || u |
| 050 ## - LIBRARY OF CONGRESS CALL NUMBER | |
| Classification number | PAPERS/STAFF |
| 100 ## - MAIN ENTRY--PERSONAL NAME | |
| Personal name | Siziya, Seter |
| 245 10 - TITLE STATEMENT | |
| Title | Risk factors associated with contracting dysentery during shigella dysenteriae type 1 outbreak in Harare, 1993 |
| Statement of responsibility, etc. | by Seter Siziya; [and others] |
| 260 ## - PUBLICATION, DISTRIBUTION, ETC. | |
| Place of publication, distribution, etc. | Lusaka: |
| Name of publisher, distributor, etc. | University of Zambia, School of Medicine |
| Date of publication, distribution, etc. | 1997 |
| 300 ## - PHYSICAL DESCRIPTION | |
| Extent | p. 111 - p.112: ill. |
| 490 ## - | |
| -- | Central African Journal of Medicine |
| 490 ## - | |
| -- | Vol. 43, No. 4 |
| 500 ## - GENERAL NOTE | |
| General note | Bibliography |
| 650 ## - SUBJECT ADDED ENTRY--TOPICAL TERM | |
| Topical term or geographic name entry element | DISEASE OUTBREAKS--DYSENTERIAE TYPE 1--HARARE, ZIMBABWE |
| 650 ## - SUBJECT ADDED ENTRY--TOPICAL TERM | |
| Topical term or geographic name entry element | DYSENTERY--HARARE, ZIMBABWE |
| 995 ## - | |
| -- | SPECIAL COLLECTIONS |
| -- | 301 |
| -- | CBU-SCHOOL OF MEDICINE LIBRARY (Ndola) |
| -- | PAPERS/STAFF/SIZIYA |
| -- | 1 |
| -- | AVAILABLE |
| -- | Nov 29, 2012 |
| -- | B301 |
| -- | Zambiana Collection |
| 999 ## - | |
| -- | 32627 |
| -- | 32627 |
| Withdrawn status | Lost status | Source of classification or shelving scheme | Damaged status | Not for loan | Permanent Location | Current Location | Shelving location | Date acquired | Total Checkouts | Full call number | Barcode | Date last seen | Price effective from | Koha item type |
|---|---|---|---|---|---|---|---|---|---|---|---|---|---|---|
| CBU-SCHOOL OF MEDICINE LIBRARY, NDOLA. | CBU-SCHOOL OF MEDICINE LIBRARY, NDOLA. | 11/30/2022 | PAPERS/STAFF | B301 | 11/30/2022 | 11/30/2022 | MONOGRAPH |